000 00445nam a2200145Ia 4500
008 100122s9999 xx 000 0 und d
082 _b55449
_a823.08
100 _aनेरकर हेमांगी
245 _aवळता पाऊस
260 _bचिंतामणी साहित्य सहयोग
_c1998
300 _a96
630 _aवळता पाऊस
730 _aवळता पाऊस
942 _cBOOK
999 _c432091
_d432088